Tennis Players with a Career Golden Slam - Statistics

General Stats
  • This quiz has been taken 173 times
  • The average score is 4 of 5
Answer Stats
Achieved Player % Correct
2024 Novak Djokovic
96%
2010 Rafael Nadal
92%
1999 Andre Agassi
77%
2012 Serena Williams
70%
1988 Steffi Graf
64%
No matching quizzes found
Score Distribution
Percent of People with Each Score
Percentile by Number Answered
Your Score History
You have not taken this quiz